000 00633nam a2200181Ia 4500
003 GCL
008 140319s9999 xx 000 0 ara d
040 _aGCL /
_cGCL
082 0 4 _a301.243
_bا ت
100 1 _aالسيد عبدالعاطى السيد
245 1 0 _aالتصنيع والمجتمع: دراسة تطبيقية فى علم الاجتماع الصناعى /
_cالسيد عبدالعاطى السيد
300 _a340 ص
490 _aكتاب
_v0
650 0 4 _aعلم الاجتماع الصناعى
650 0 4 _aعلم الاجتماع الاسرى
650 0 4 _aالمجتمع والاسرة
942 _2ddc
_cBK
999 _c41247
_d41247